UBT Library

Sister Wendy's 1000 masterpieces / (Record no. 41816)

000 -LEADER
fixed length control field 00848cam a2200229 a 4500
001 - CONTROL NUMBER
control field 1212955
005 - DATE AND TIME OF LATEST TRANSACTION
control field 20180205085636.0
008 - FIXED-LENGTH DATA ELEMENTS--GENERAL INFORMATION
fixed length control field 990301s1999 nyua 001 0 eng
010 ## - LIBRARY OF CONGRESS CONTROL NUMBER
LC control number 99020355
020 ## - INTERNATIONAL STANDARD BOOK NUMBER
International Standard Book Number 0789446030 (alk. paper)
040 ## - CATALOGING SOURCE
Original cataloging agency DLC
Transcribing agency DLC
Modifying agency DLC
041 ## - LANGUAGE CODE
Language code of text/sound track or separate title eng
080 ## - UNIVERSAL DECIMAL CLASSIFICATION NUMBER
Universal Decimal Classification number 759 wen
082 00 - DEWEY DECIMAL CLASSIFICATION NUMBER
Classification number 759 wen
Edition number 21
100 1# - Rafti
Rafti 24
101 ## - Shkurtesa
Shkurtesa teo
245 10 - TITLE STATEMENT
Title Sister Wendy's 1000 masterpieces /
Statement of responsibility, etc Sister Wendy Beckett ; contributing consultant, Patricia Wright.
246 3# - VARYING FORM OF TITLE
Title proper/short title Sister Wendy's one thousand masterpieces
906 ## - LOCAL DATA ELEMENT F, LDF (RLIN)
a 7
b cbc
c orignew
d 1
e ocip
f 19
g y-gencatlg
942 ## - ADDED ENTRY ELEMENTS (KOHA)
Source of classification or shelving scheme
Item type Books
Holdings
Withdrawn status Lost status Source of classification or shelving scheme Damaged status Not for loan Collection code Permanent location Current location Shelving location Date acquired Total Checkouts Full call number Barcode Date last seen Price effective from Koha item type
          Koleksioni i përgjithshem UBT - Lipjan UBT - Lipjan Koleksioni i përgjithshem 02/05/2018   759 wen 002-2997574\ 02/05/2018 02/05/2018 Books
UBT Library © 2015-2024. All rights reserved University Education for Business and Technology